English speaking countries on a map - Statistics

General Stats
  • This quiz has been taken 65 times
  • The average score is 33 of 41
Answers on the Map
Answers color-coded by a green-red scale on the quiz's map according to % correct below.
 
Answer Stats
Answer % Correct
Australia
98%
New Zealand
98%
United States
98%
Canada
97%
Guyana
97%
Ireland
97%
Malta
97%
United Kingdom
97%
Bahamas
95%
Belize
95%
Papua New Guinea
95%
Jamaica
93%
South Africa
93%
Eswatini
84%
India
84%
Namibia
84%
Pakistan
84%
South Sudan
84%
Sri Lanka
84%
Sudan
84%
Lesotho
83%
Malaysia
81%
Botswana
79%
Kenya
79%
Kiribati
79%
Malawi
79%
Uganda
79%
Nigeria
78%
Philippines
78%
Zambia
78%
Tanzania
76%
Solomon Islands
74%
Zimbabwe
74%
Rwanda
72%
Ghana
71%
Sierra Leone
69%
Liberia
66%
Samoa
57%
Gambia
55%
Brunei
52%
Singapore
48%
No matching quizzes found
Score Distribution
Percent of People with Each Score
Percentile by Number Answered
Your Score History
You have not taken this quiz